| 000 | 00593nam a2200217Ia 4500 | ||
|---|---|---|---|
| 003 | OSt | ||
| 005 | 20220928132715.0 | ||
| 006 | a|||||r|||| 00| 0 | ||
| 007 | ta | ||
| 008 | 220927b |||||||| |||| 00| 0 eng d | ||
| 024 | _a143309 | ||
| 037 | _cTextual | ||
| 040 |
_aSDCL _cSDCL _beng |
||
| 041 |
_2eng _aeng |
||
| 082 | _aX9(F55).1'N7, L4.1-,5 | ||
| 245 | 0 | _aENERGY CRISIS impact & opportunities | |
| 250 | _a2 | ||
| 260 |
_aAmesterdam _bPA International Management Consultants _c1974 |
||
| 942 |
_hX9(F55).1'N7, L4.1-,5 _cTEXL _2CC |
||
| 999 |
_c795472 _d795472 |
||